LEADER 02872nam 2200625 450 001 9910811885003321 005 20200331153709.0 010 $a1-64189-905-0 010 $a1-942401-32-9 024 7 $a10.1515/9781942401322 035 $a(CKB)4340000000210564 035 $a(MiAaPQ)EBC5114406 035 $a(MiAaPQ)EBC6034228 035 $a(DE-B1597)546814 035 $a(DE-B1597)9781942401322 035 $a(UkCbUP)CR9781942401322 035 $a(OCoLC)1008775120 035 $a(Au-PeEL)EBL6034228 035 $a(PPN)231480385 035 $a(EXLCZ)994340000000210564 100 $a20200331d2017 uy 0 101 0 $aeng 135 $aur||||||||||| 181 $ctxt$2rdacontent 182 $cc$2rdamedia 183 $acr$2rdacarrier 200 14$aThe Kingdom of Rus' /$fChristian Raffensperger 210 1$aKalamazoo, Michigan ;$aBradford, [England] :$cARC Humanities Press,$d2017. 215 $a1 online resource (xix, 97 pages) $cdigital, PDF file(s) 225 1 $aPast imperfect 300 $aTitle from publisher's bibliographic system (viewed on 15 Jan 2021). 311 $a1-942401-31-0 320 $aIncludes bibliographical references. 327 $aIntroduction : the problem with names -- The place of Rus' in medieval Europe -- The historiography of the translation of kniaz' -- Titulature and medieval rulers -- What was a kniaz'? -- Medieval titulature and Rus' -- Titles for other medieval rulers in Rusian sources -- Conclusion : consequences and resolutions. 330 $aAs scholarship continues to expand the idea of medieval Europe beyond 'the West,' the Rus' remain the final frontier relegated to the European periphery. The Kingdom of Rus' challenges the perception of Rus' as an eastern 'other' - advancing the idea of the Rus' as a kingdom deeply integrated with medieval Europe, through an innovative analysis of medieval titles. Examining a wide range of medieval sources, this book exposes the common practice in scholarship of referring to Rusian rulers as princes as a relic of early modern attempts to diminish the Rus'. Not only was Rus' part and parcel of medieval Europe, but in the eleventh and twelfth centuries Rus' was the largest kingdom in Christendom. 410 0$aPast imperfect (ARC Humanities Press) 606 $aNobility$zKyivan Rus 607 $aKyivan Rus$xKings and rulers$xHistory 607 $aKyivan Rus$xRelations$zEurope 607 $aEurope$xRelations$zKyivan Rus 610 $aKiev. 610 $aKingship. 610 $aMedieval Europe. 610 $aRus'. 610 $aRussia. 615 0$aNobility 676 $a947/.02 700 $aRaffensperger$b Christian$01666310 801 0$bMiAaPQ 801 1$bMiAaPQ 801 2$bMiAaPQ 906 $aBOOK 912 $a9910811885003321 996 $aThe Kingdom of Rus$94025696 997 $aUNINA LEADER 03648nam 2200589 450 001 9910806264603321 005 20201023111955.0 010 $a1-4742-3386-4 010 $a1-4742-3384-8 010 $a1-4742-3385-6 024 7 $a10.5040/9781474233866 035 $a(CKB)4340000000211827 035 $a(MiAaPQ)EBC4901649 035 $a(OCoLC)1201425825 035 $a(CaBNVSL)mat74233866 035 $a(CaBNVSL)9781474233866 035 $a(EXLCZ)994340000000211827 100 $a20201023d2020 uy 0 101 0 $aeng 135 $aurcnu|||||||| 181 $2rdacontent 182 $2rdamedia 183 $2rdacarrier 200 00$aApplied theatre $ecreative ageing /$f[edited by] Sheila McCormick 210 1$aLondon, England :$cBloomsbury Methuen Drama,$d2020. 210 2$aLondon, England :$cBloomsbury Publishing,$d2020 215 $a1 online resource (273 pages) $ccolor illustrations 225 1 $aThe Applied Theatre Series 311 $a1-4742-3382-1 311 $a1-4742-3383-X 320 $aIncludes bibliographical references and index. 327 $aIntroduction -- Ageing, the individual and society / Sheila McCormick -- Perspectives on Practice: Applied Theatre and Ageing / Sheila McCormick -- Complicite and the clown: playful engagement and dementia / Michael Balfour, Julie Dunn, Wendy Moyle, Marie Cooke -- The Care Home as a Creative Space / Jayne Lloyd and Helen Nicholson -- A gentle inquiry into dark matter in arts-based research / Clive Parkinson -- From Islands to Networks: Using Improvisation to Build Relationships Among Individuals and Systems / Anne Davis Basting -- Interview with Mike Pearson -- Community arts and creative well-being for dementia / Beth Luxmoore. 330 8 $aApplied Theatre: Creative Ageing examines the complex social, political and cultural needs of a diverse group in our society and asks how contemporary applied theatre responds to those needs. For the first time, this publication allows an examination of innovative national and international practice in applied theatre that responds to the needs of older adults to encourage outcomes such as wellbeing and social inclusion. The volume does so while also questioning how we, as a society, wish to respond to the complex needs of older adults and the process of ageing and how applied theatre practices can help us do so in a way that is both positive and inclusive. In Part One Sheila McCormick reviews and historicises the practice of applied theatre with, for and by the elderly. It argues that pioneering applied theatre strategies are vital if the creative practice is to respond to the growing needs of older members of society, and reflects on particular cultural responses to ageing and the elderly.0The second part of the book is made up of essays and case studies from leading experts and practitioners from Britain, America and Australia, including consideration of applied theatre approaches to dementia, health, wellbeing, social inclusion and Alzheimer's disease. 410 0$aApplied theatre (Series) 517 3 $aApplied theater 606 $aTheater and older people 606 $aOlder people$xRecreation 606 $aArts and older people 606 $aTheatre studies$2bicssc 615 0$aTheater and older people. 615 0$aOlder people$xRecreation. 615 0$aArts and older people. 615 7$aTheatre studies 676 $a792.084/6 702 $aMcCormick$b Sheila 801 0$bDLC 801 1$bCaBNVSL 801 2$bCaBNVSL 906 $aBOOK 912 $a9910806264603321 996 $aApplied theatre$94005519 997 $aUNINA